00349nam a2200145Ia 4500003000400000005001700004008004100021040000700062041000800069082001900077100001800096245003100114260004500145365001300190OSt20230516103457.0210423s1990 xx 000 0 und d cAL aeng a370 223bKAUC aKAUL (Rekha). aCaste class and education. aNew DelhibOxford University Pressc1990 b325cINR